[Event "HUN-chT 2223"]
[Site "Hungary"]
[Date "2022.12.18"]
[Round "3.7"]
[White "Tatar Kis, Szabolcs"]
[Black "Fogarasi, Tibor"]
[Result "1-0"]
[WhiteElo "2353"]
[BlackElo "2325"]
[PlyCount "83"]
[EventDate "2022.11.20"]
[EventType "team-tourn"]
[EventRounds "9"]
[EventCountry "HUN"]
[SourceTitle "CBM 213 Extra"]
[Source "ChessBase"]
[SourceDate "2023.05.31"]
[SourceVersion "1"]
[SourceVersionDate "2023.05.31"]
[SourceQuality "1"]
[WhiteTeam "Mako Duocor"]
[BlackTeam "Biatorbagy"]
[WhiteTeamCountry "HUN"]
[BlackTeamCountry "HUN"]

1. e4 c5 2. Nf3 e6 3. d4 cxd4 4. Nxd4 a6 5. Nc3 Qc7 6. Bd3 Nc6 7. Nxc6 dxc6 8. 0-0 Nf6 9. f4 e5 10. Kh1 Bd6 11. f5 b5 12. a4 Rb8 13. Be3 Qe7 14. Qf3 h5 15. axb5 axb5 16. Ra7 Rb7 17. Ra6 Qc7 18. Qg3 Kf8 19. h3 Be7 20. Rfa1 h4 21. Qf2 Nd7 22. Ra8 Kg8 23. b3 Kh7 24. Nb1 Rd8 25. Nd2 Kg8 26. R8a6 c5 27. R6a5 c4 28. bxc4 Nc5 29. Qe2 Nxd3 30. cxd3 Bd7 31. cxb5 Bxb5 32. Nc4 Bxc4 33. dxc4 Rb4 34. Ra7 Qd6 35. c5 Qd3 36. Qxd3 Rxd3 37. Rxe7 Rxe3 38. c6 Rc4 39. c7 Kh7 40. Rxf7 Kh6 41. Kh2 Rec3 42. Ra6+ 1-0

[Event "HUN-chT 1819"]
[Site "Hungary"]
[Date "2019.04.27"]
[Round "8.3"]
[White "Tatar Kis, Szabolcs"]
[Black "Pap, Peter"]
[Result "1/2-1/2"]
[WhiteElo "2372"]
[BlackElo "2117"]
[PlyCount "118"]
[EventDate "2018.11.17"]
[EventType "team-tourn"]
[EventRounds "9"]
[EventCountry "HUN"]
[SourceTitle "CBM 190 Extra"]
[Source "ChessBase"]
[SourceDate "2019.07.15"]
[SourceVersion "1"]
[SourceVersionDate "2019.07.15"]
[SourceQuality "1"]
[WhiteTeam "Mako Duocor"]
[BlackTeam "Maroczy"]
[WhiteTeamCountry "HUN"]
[BlackTeamCountry "HUN"]

1. Nf3 Nf6 2. c4 g6 3. Nc3 d5 4. cxd5 Nxd5 5. Qa4+ Bd7 6. Qh4 Nxc3 7. dxc3 Bg7 8. Bh6 Bf6 9. Qg3 Bc6 10. Rd1 Nd7 11. Bf4 Rc8 12. h4 Bxf3 13. Qxf3 c6 14. h5 g5 15. Bc1 Qa5 16. g3 Rd8 17. Bh3 Ne5 18. Rxd8+ Qxd8 19. Qf5 e6 20. Qb1 Qd5 21. 0-0 g4 22. Bg2 Qc4 23. Re1 h6 24. Be3 Qb5 25. b3 Nd7 26. c4 Qxh5 27. Bxa7 Qa5 28. Be3 h5 29. b4 Qa3 30. b5 0-0 31. bxc6 bxc6 32. Rd1 Ne5 33. Bd4 Qa4 34. Rc1 Nf3+ 35. exf3 Bxd4 36. fxg4 Qa7 37. Qc2 hxg4 38. c5 f5 39. Qc4 Qd7 40. Re1 Rf6 41. Rb1 f4 42. Rb8+ Kg7 43. Qb4 Rf7 44. gxf4 g3 45. Be4 gxf2+ 46. Kf1 e5 47. f5 Qa7 48. Qb3 Qa6+ 49. Bd3 Qa5 50. Qd1 Kf6 51. Re8 Qe1+ 52. Qxe1 fxe1Q+ 53. Kxe1 Re7 54. Rf8+ Kg7 55. Rc8 e4 56. Bc4 Kf6 57. Rf8+ Kg5 58. Rc8 Kxf5 59. Rxc6 Re5 1/2-1/2

[Event "HUN-chT 1819"]
[Site "Hungary"]
[Date "2019.03.31"]
[Round "7.4"]
[White "Kozak, Adam"]
[Black "Tatar Kis, Szabolcs"]
[Result "1/2-1/2"]
[WhiteElo "2444"]
[BlackElo "2372"]
[PlyCount "54"]
[EventDate "2018.11.17"]
[EventType "team-tourn"]
[EventRounds "9"]
[EventCountry "HUN"]
[SourceTitle "CBM 189 Extra"]
[Source "ChessBase"]
[SourceDate "2019.06.03"]
[SourceVersion "1"]
[SourceVersionDate "2019.06.03"]
[SourceQuality "1"]
[WhiteTeam "DVTK"]
[BlackTeam "Mako Duocor"]
[WhiteTeamCountry "HUN"]
[BlackTeamCountry "HUN"]

1. Nf3 Nf6 2. g3 d5 3. Bg2 e6 4. 0-0 Be7 5. c4 0-0 6. d4 dxc4 7. Qc2 a6 8. a4 Bd7 9. Qxc4 Bc6 10. Bg5 a5 11. Nc3 Ne4 12. Bxe7 Qxe7 13. Qd3 Nxc3 14. bxc3 Nd7 15. Rfb1 Rad8 16. Qc2 Rfe8 17. e4 b6 18. Re1 e5 19. Nd2 Bb7 20. Nc4 Qe6 21. d5 Qg6 22. Bh3 Nc5 23. Bf5 Qh5 24. h3 Ba6 25. Nd2 g6 26. Bg4 Qg5 27. Bf3 f5 1/2-1/2

[Event "HUN-chT 1819"]
[Site "Hungary"]
[Date "2019.02.10"]
[Round "5.3"]
[White "Horvath, Gyula"]
[Black "Tatar Kis, Szabolcs"]
[Result "1/2-1/2"]
[WhiteElo "2320"]
[BlackElo "2372"]
[PlyCount "23"]
[EventDate "2018.11.17"]
[EventType "team-tourn"]
[EventRounds "9"]
[EventCountry "HUN"]
[SourceTitle "CBM 188 Extra"]
[Source "ChessBase"]
[SourceDate "2019.02.26"]
[SourceVersion "1"]
[SourceVersionDate "2019.02.26"]
[SourceQuality "1"]
[WhiteTeam "Csuti Hydro"]
[BlackTeam "Mako Duocor"]
[WhiteTeamCountry "HUN"]
[BlackTeamCountry "HUN"]

1. d4 Nf6 2. c4 g6 3. Nc3 Bg7 4. e4 d6 5. Be2 0-0 6. Nf3 e5 7. Be3 c6 8. d5 Ng4 9. Bg5 f6 10. Bh4 c5 11. Nd2 Nh6 12. a3 1/2-1/2

[Event "HUN-chT 1718"]
[Site "Hungary"]
[Date "2018.02.18"]
[Round "6.4"]
[White "Antal, Gergely"]
[Black "Tatar Kis, Szabolcs"]
[Result "1-0"]
[WhiteElo "2525"]
[BlackElo "2378"]
[PlyCount "85"]
[EventDate "2017.11.25"]
[EventType "team-tourn"]
[EventRounds "9"]
[EventCountry "HUN"]
[SourceTitle "EXT 2019"]
[Source "ChessBase"]
[SourceDate "2018.10.10"]
[SourceVersion "1"]
[SourceVersionDate "2018.10.10"]
[SourceQuality "1"]
[WhiteTeam "DVTK"]
[BlackTeam "Mako Duocor"]
[WhiteTeamCountry "HUN"]
[BlackTeamCountry "HUN"]

1. e4 c6 2. d4 d5 3. e5 Bf5 4. h4 h6 5. g4 Bd7 6. Be3 c5 7. dxc5 Nc6 8. Qxd5 Bxg4 9. Nc3 Qxd5 10. Nxd5 0-0-0 11. Nf4 Nxe5 12. Nd3 Nxd3+ 13. Bxd3 Nf6 14. c6 bxc6 15. f3 Bh5 16. Bxa7 Kb7 17. Bc5 e5 18. Bxf8 Rhxf8 19. Kf2 Nd5 20. Re1 f6 21. Ne2 Nb4 22. Nc1 Kb6 23. a3 Nxd3+ 24. Nxd3 Bg6 25. Re3 Bxd3 26. Rxd3 Rxd3 27. cxd3 Rd8 28. Ke3 h5 29. Rg1 Rd4 30. Rxg7 Rxh4 31. Rh7 Kb5 32. Rh6 Rf4 33. Rxh5 Ka4 34. Rh8 Kb5 35. Rg8 c5 36. Rg4 Rf5 37. f4 exf4+ 38. Rxf4 Re5+ 39. Kd2 Re6 40. Kc3 Rc6 41. Rf5 Ka4 42. Rd5 Rc8 43. Rd6 1-0

[Event "HUN-chT 1718"]
[Site "Hungary"]
[Date "2017.11.26"]
[Round "2.5"]
[White "Tatar Kis, Szabolcs"]
[Black "Lenic, Luka"]
[Result "0-1"]
[WhiteElo "2378"]
[BlackElo "2650"]
[PlyCount "72"]
[EventDate "2017.11.25"]
[EventType "team-tourn"]
[EventRounds "9"]
[EventCountry "HUN"]
[SourceTitle "CBM 181 Extra"]
[Source "ChessBase"]
[SourceDate "2017.12.12"]
[SourceVersion "1"]
[SourceVersionDate "2017.12.12"]
[SourceQuality "1"]
[WhiteTeam "Mako Duocor"]
[BlackTeam "Aquaprofit"]
[WhiteTeamCountry "HUN"]
[BlackTeamCountry "HUN"]

1. e4 e5 2. Nf3 Nc6 3. Bc4 Bc5 4. c3 Nf6 5. d3 d6 6. 0-0 a6 7. a4 h6 8. Na3 0-0 9. Nc2 Ne7 10. a5 Ng6 11. Be3 Bxe3 12. Nxe3 c6 13. Re1 Re8 14. Qb3 Qc7 15. h3 Nf4 16. Qa2 Re7 17. Rad1 Bd7 18. b4 Rd8 19. Bb3 d5 20. Qc2 Be6 21. exd5 cxd5 22. d4 e4 23. Ne5 Nd7 24. Nxd7 Qxd7 25. Kh2 Bxh3 26. Nxd5 Nxd5 27. gxh3 Qc7+ 28. Kh1 Qxc3 29. Qxc3 Nxc3 30. Rd2 Nb5 31. d5 Nd6 32. Rde2 Rc7 33. Kh2 Rdc8 34. Re3 Rc3 35. Kg2 Kf8 36. f3 Nf5 0-1

[Event "HUN-chT 1617"]
[Site "Hungary"]
[Date "2016.11.13"]
[Round "2.7"]
[White "Tatar Kis, Szabolcs"]
[Black "Nayhebaver, Martin"]
[Result "1/2-1/2"]
[WhiteElo "2373"]
[BlackElo "2442"]
[PlyCount "93"]
[EventDate "2016.10.30"]
[EventType "team-tourn"]
[EventRounds "9"]
[EventCountry "HUN"]
[SourceTitle "CBM 175 Extra"]
[Source "ChessBase"]
[SourceDate "2016.12.12"]
[SourceVersion "1"]
[SourceVersionDate "2016.12.12"]
[SourceQuality "1"]
[WhiteTeam "Mako Duocor"]
[BlackTeam "DVTK"]
[WhiteTeamCountry "HUN"]
[BlackTeamCountry "HUN"]

1. e4 e5 2. Nf3 Nc6 3. Bc4 Bc5 4. c3 Nf6 5. d3 0-0 6. 0-0 d5 7. exd5 Nxd5 8. Re1 Bg4 9. Nbd2 Nb6 10. Ne4 Nxc4 11. Nxc5 Nd6 12. h3 Bh5 13. Be3 b6 14. Ne4 f5 15. Ng3 Bxf3 16. Qxf3 Qd7 17. Bd2 e4 18. dxe4 Ne5 19. Qd1 f4 20. Bxf4 Qe6 21. Bxe5 Qxe5 22. Qd5+ Nf7 23. Rad1 Rad8 24. Qxe5 Nxe5 25. Rxd8 Rxd8 26. f4 Nc6 27. f5 Ne5 28. Re2 Rd1+ 29. Kf2 Kf7 30. Nh5 g5 31. fxg6+ hxg6 32. Nf4 c6 33. h4 Kf6 34. Kg3 Ke7 35. h5 gxh5 36. Nxh5 Rh1 37. Nf4 Kf6 38. b3 a5 39. Rf2 Ke7 40. Re2 Rf1 41. Nh5 Rh1 42. Ng7 Kf6 43. Nf5 Rc1 44. c4 a4 45. Ne3 axb3 46. axb3 Rc3 47. Kf4 1/2-1/2

[Event "HUN-chT 1314"]
[Site "Hungary"]
[Date "2014.03.23"]
[Round "7"]
[White "Hajnal, Zoltan"]
[Black "Tatar Kis, Szabolcs"]
[Result "0-1"]
[WhiteElo "2344"]
[BlackElo "2385"]
[PlyCount "84"]
[EventDate "2013.09.08"]
[EventType "team-tourn"]
[EventRounds "9"]
[EventCountry "HUN"]
[SourceTitle "EXT 2015"]
[Source "ChessBase"]
[SourceDate "2014.11.20"]
[SourceVersion "1"]
[SourceVersionDate "2014.11.20"]
[SourceQuality "1"]
[WhiteTeam "Mako"]
[BlackTeam "Penzugyor"]
[WhiteTeamCountry "HUN"]
[BlackTeamCountry "HUN"]

1. e4 c5 2. Nf3 Nc6 3. d4 cxd4 4. Nxd4 Nf6 5. Nc3 e5 6. Ndb5 d6 7. Bg5 a6 8. Na3 b5 9. Nd5 Be7 10. Bxf6 Bxf6 11. c4 b4 12. Nc2 0-0 13. g3 Bg5 14. Bg2 Qa5 15. 0-0 Qc5 16. Qd3 Kh8 17. Kh1 f5 18. f4 Bh6 19. a3 fxe4 20. Bxe4 Bh3 21. Rg1 b3 22. Qxb3 Nd4 23. Qd3 Nxc2 24. Qxc2 exf4 25. b4 Qd4 26. Rad1 Qe5 27. Nxf4 Bg4 28. Bxa8 Bxd1 29. Rxd1 Rxa8 30. Nd5 Rf8 31. c5 dxc5 32. bxc5 Rd8 33. Qc4 Qh5 34. Qd3 Re8 35. Nc7 Rf8 36. Nxa6 Be3 37. h4 Qg4 38. Qxe3 Qxd1+ 39. Kg2 Qc2+ 40. Kh3 Qf5+ 41. g4 Qf1+ 42. Kg3 Qxa6 0-1

[Event "HUN-chT 1112"]
[Site "Hungary"]
[Date "2012.05.20"]
[Round "11"]
[White "Tatar Kis, Szabolcs"]
[Black "Havasi, Janos"]
[Result "1-0"]
[WhiteElo "2367"]
[BlackElo "2229"]
[PlyCount "93"]
[EventDate "2011.09.25"]
[EventType "team-tourn"]
[EventRounds "11"]
[EventCountry "HUN"]
[SourceTitle "EXT 2013"]
[Source "ChessBase"]
[SourceDate "2012.11.22"]
[SourceVersion "1"]
[SourceVersionDate "2012.11.22"]
[SourceQuality "1"]
[WhiteTeam "Penzugyor"]
[BlackTeam "Vasas"]
[WhiteTeamCountry "HUN"]
[BlackTeamCountry "HUN"]

1. e4 e6 2. d4 d5 3. Nc3 Nf6 4. e5 Nfd7 5. f4 c5 6. Nf3 Nc6 7. Ne2 b6 8. c3 Ba6 9. Qa4 Qc8 10. Be3 g6 11. g4 h5 12. gxh5 Rxh5 13. Ng3 Bxf1 14. Kxf1 Rh8 15. Kg2 Qb7 16. Rac1 a5 17. Qc2 Ne7 18. Rhd1 Nf5 19. Nxf5 gxf5 20. Rg1 Be7 21. Kh1 Nf8 22. Qe2 c4 23. Ng5 Bxg5 24. Rxg5 Ng6 25. Rh5 0-0-0 26. Rg1 Qe7 27. Rgg5 b5 28. a3 Kb7 29. Bd2 Ka6 30. Qf2 Qd7 31. Kg1 b4 32. Rxh8 Rxh8 33. cxb4 Qa4 34. Rg3 Qd1+ 35. Qe1 Qxe1+ 36. Bxe1 Nxf4 37. Rg7 Ne2+ 38. Kf1 Nxd4 39. Rxf7 axb4 40. Bf2 Nc6 41. Rc7 Nd8 42. a4 Nb7 43. h4 d4 44. Rxc4 Rd8 45. Rxd4 Rxd4 46. Bxd4 b3 47. Bc3 1-0

[Event "HUN-chT 1112"]
[Site "Hungary"]
[Date "2012.02.19"]
[Round "6"]
[White "Tatar Kis, Szabolcs"]
[Black "Feher, Adam"]
[Result "1-0"]
[WhiteElo "2367"]
[BlackElo "2342"]
[PlyCount "97"]
[EventDate "2011.09.25"]
[EventType "team-tourn"]
[EventRounds "11"]
[EventCountry "HUN"]
[SourceTitle "EXT 2013"]
[Source "ChessBase"]
[SourceDate "2012.11.22"]
[SourceVersion "1"]
[SourceVersionDate "2012.11.22"]
[SourceQuality "1"]
[WhiteTeam "Penzugyor"]
[BlackTeam "Honved"]
[WhiteTeamCountry "HUN"]
[BlackTeamCountry "HUN"]

1. e4 c5 2. Nf3 d6 3. d4 cxd4 4. Nxd4 Nf6 5. Nc3 a6 6. Bc4 e6 7. Bb3 b5 8. 0-0 Be7 9. Qf3 Qb6 10. Be3 Qb7 11. Qg3 b4 12. Na4 Nbd7 13. f3 0-0 14. Kh1 Kh8 15. Rfd1 Ne5 16. Ne2 Rb8 17. Rac1 Bd7 18. c4 bxc3 19. Nexc3 Nc6 20. Nb6 Na5 21. Bc2 Be8 22. b4 Nc6 23. a3 Nd7 24. Nc4 Nce5 25. Na5 Qa8 26. f4 Nc6 27. Nxc6 Qxc6 28. Bd4 e5 29. Nd5 exd4 30. Nxe7 Qb6 31. Nf5 g6 32. Nxd4 Rc8 33. Qd3 Nf6 34. h3 Nh5 35. Qd2 Bc6 36. Kh2 Bb7 37. Ne2 Rfe8 38. Qxd6 Qxd6 39. Rxd6 Bxe4 40. Bxe4 Rxc1 41. Nxc1 Rxe4 42. Rxa6 Nxf4 43. b5 Kg7 44. b6 Re8 45. Nb3 Ne6 46. b7 Rb8 47. Rb6 Kf6 48. Nc5 Ke7 49. Na6 1-0